Brawl Stars Multiple Choice - Statistics

General Stats
  • This quiz has been taken 15 times
  • The average score is 8 of 10
Answer Stats
Question Answer % Correct
What is Ash's Super? Rats
100%
What is the only Brawler that was deleted from the game? Buzz Lightyear
93%
Who's a mythic Brawler? Doug
93%
When was Chuck released? 2023
86%
Who's not a mythic Brawler? Berry
86%
When was Juju released? 2024
79%
Who has a Summonable? Nita
79%
Who doesn't have fire attacks? Cordelius
71%
What is the emblem of this game? Stars
64%
When was Larry and Lawrie released? 2024
36%
No matching quizzes found
Score Distribution
Percent of People with Each Score
Percentile by Number Answered
Your Score History
You have not taken this quiz